Name the Lost Member of KPOP Groups - Statistics

General Stats
  • This quiz has been taken 161 times
    101 since last reset
  • The average score is 10 of 36
Answer Stats
Answer % Correct
Garam
90%
Woojin
84%
Soojin
79%
Jinni
63%
Chuu
59%
Youngseo
54%
Seunghan
51%
Mashiro
43%
Yeseo
41%
Jessica
39%
Kim Lip
33%
Heejin
32%
Choerry
30%
Gaeun
28%
Jimin
27%
Jinsoul
26%
Gyuri
21%
Mina
20%
Sunn
17%
Saerom
16%
Jiyoon
15%
Choa
13%
Jiho
13%
Naeun
13%
Seoyeon
13%
Jisun
12%
Ella
10%
Jieun
10%
JinE
9%
Youkyung
7%
Jian
5%
Satbyeol
5%
Yukyung
5%
Huiyeon
4%
Ye Ah
4%
Songyee
1%
No matching quizzes found
Score Distribution
Percent of People with Each Score
Percentile by Number Answered
Your Score History
You have not taken this quiz since the last reset